| 000 | 00689nam a22001817a 4500 | ||
|---|---|---|---|
| 005 | 20231124122426.0 | ||
| 010 | _aENG-120227 | ||
| 020 |
_a989356061972 _c499.00 |
||
| 035 | _aEN-103759 | ||
| 037 | _bDBAD/PUB | ||
| 082 | _a004.02 | ||
| 100 |
_aM. Gopal _959058 |
||
| 245 |
_aDeep Learning/ _cBy M. Gopal _bCore Concepts, Methods and Application |
||
| 260 |
_aUttar pradesh _bPearson India Education Service Pvt. Ltd. _c2022 |
||
| 270 |
_a15th Floor, Tower -B, World Trade Tower, PLot No.1, Block-C, Sector 16, Noida _bNoida (Uttar pradesh) _e201301 _k044-66540100 _mcompanysecretary.india@pearson.com |
||
| 300 |
_a292p. : _c124cm.(pbk) |
||
| 942 |
_2ddc _cEN _h004.02 _mGOP |
||
| 999 |
_c144063 _d144063 |
||